Didáctica de la geografía en la escuela primaria

Gespeichert in:
Bibliographische Detailangaben
1. Verfasser: Bale, John (VerfasserIn)
Format: Buch
Sprache:Spanisch
Veröffentlicht: Madrid Ediciones Morata SL 1989
Madrid Ministerio de Educación, Cultura y Deporte 1989
Ausgabe:1a. ed
Schriftenreihe:Didáctica de las Ciencias Sociales
Schlagworte:
Tags: Tag hinzufügen
Keine Tags, Fügen Sie den ersten Tag hinzu!

MARC

LEADER 00000cam a2200000 a 4500
001 UCC8766
003 CL-VaPUC
005 20210911074641.0
008 190814e19890000sp |||||||||||||||||spa|d
999 |c 375017  |d 375015 
020 |a 9788471123367 
040 |c Pontificia Universidad Católica de Valparaíso 
082 0 4 |a 372.891 BAL 1989  |2 21 
100 0 |a Bale, John  |e author  |9 230 
245 1 0 |a Didáctica de la geografía en la escuela primaria 
250 |a 1a. ed 
260 |a Madrid  |b Ediciones Morata SL  |c 1989 
260 |a Madrid  |b Ministerio de Educación, Cultura y Deporte  |c 1989 
300 |a 182 p 
490 0 |a Didáctica de las Ciencias Sociales 
583 |a last modification  |c 20190814 14:59:00  |k Rodrigo Vera 
650 0 |a Enseñanza de la geografía  |9 310005 
650 0 |a Métodos de enseñanza  |9 270413 
650 0 |a Geografía  |9 259346 
650 0 |a Cartografía   |9 266055 
942 |c BK  |2 ddc 
945 |d 20190814 14:59:00  |a dcastane 
952 |0 0  |1 0  |3 erb  |4 0  |6 372_891000000000000_BAL_1989_1989  |7 0  |8 A  |9 493859  |a BIBEDU  |b BIBEDU  |i 5557860  |l 4  |o 372.891 BAL 1989 1989  |p 5557860  |r 2023-08-31  |s 2023-08-23  |w 2019-11-24  |y BK  |z Catalogado en:20190814  |k EBA 
952 |0 0  |1 0  |3 erb  |4 0  |6 372_891000000000000_BAL_1989_1989  |7 0  |8 A  |9 493860  |a BIBEDU  |b BIBEDU  |i 5557879  |l 3  |o 372.891 BAL 1989 1989  |p 5557879  |r 2023-09-25  |s 2023-09-22  |w 2019-11-24  |y BK  |z Catalogado en:20190814  |k EBA 
952 |0 0  |1 0  |3 erb  |4 0  |6 372_891000000000000_BAL_1989_1989  |7 0  |8 A  |9 493861  |a BIBEDU  |b BIBEDU  |i 5557887  |l 1  |o 372.891 BAL 1989 1989  |p 5557887  |r 2023-09-25  |s 2023-09-22  |w 2019-11-24  |y BK  |z Catalogado en:20190814  |k EBA